00541nam a2200169Ia 4500008004100000020001500041041000800056082001700064100003100081245004200112250000700154260004400161300000800205650001300213999001900226952012600245210716s2012 xx 000 0 und d a8172881487 aeng a336.242 MEHH aMehrotra, H C; Goyal, S P. aProblems and solutions in income tax. a28 aAgrabSahitya Bhawan Publicationsc2012 a522 aTaxation c207806d207806 001040708MBAaAIMITbAIMITd2013-01-11g300.00l0o336.242 MEHHpMBA10372r2025-07-21 00:00:00v300.00w2021-07-16yBK